01697cam a22003378i 450000100090000000300050000900500170001400800410003101000170007202000250008903500130011404000290012704200080015605000220016408200210018610000380020724501210024526300090036626400560037530000460043133600260047733700280050333800270053150400510055850502030060952003170081265000240112970000350115370000290118877601420121722158757CSPC20250807123031.0210730s2022 enk b 001 0 eng  a 2021030180 a9781032073279q(pbk) a22158757 aDLCbengerdacDLCdCSPC apcc00aTH435b.K425 202200a692.5bK516q2231 aKeung, Chung Wai Calvin,eauthor.10aQuantity surveying practice :bthe nuts and bolts /cChung Wai Calvin Keung, Kam Lan Daisy Yeung, and Sai On Cheung. a2202 1aAbingdon, Oxon ;aNew York, NY :bRoutledge,c2022. axvi, 150 pages :billustrations ;c24 cm. atextbtxt2rdacontent aunmediatedbn2rdamedia avolumebnc2rdacarrier aIncludes bibliographical references and index.0 aEstimation -- tendering and tender documentation -- Tender examination and contract award -- Interim valuation and payment -- Contractual claims -- Cost control and monitoring -- Dispute management. a"This practical book focuses on the basic concepts underlying the technical aspects of quantity surveying and contains many worked examples together with useful figures and real-life cases to help readers digest and understand the essentials and become better professionals as a result"--cProvided by publisher. 0aQuantity surveying.1 aYeung, Kam Lan Daisy,eauthor.1 aCheung, Sai On,eauthor.08iOnline version:aKeung, Chung Wai Calvin.tQuantity surveying practicedAbingdon, Oxon : Routledge, 2022z9781003212355w(DLC) 2021030181